000 01187nam a2200349 a 4500
001 000110799
003 CHAP
005 20230323062615.0
008 141006s2006 ck |sf |||||||spa d
010 _a107261
011 _a108233
040 _cCHAP
090 _aCD-400 v.87
245 0 0 _aCultivo de pimentón
_h[DVD]
_cpor Fundación Hogares Juveniles Campesinos; coordinador Luis Carlos Muñoz.
260 _aBogotá, Col. :
_bGranita,
_c2006.
300 _a1 DVD.
490 1 _aVideoteca del campo
_pGranja Integral Autosuficiente
590 _aE6096MTM
_b05
_c20141006
_lUCH01
_h1305
590 _aE6096MTM
_b05
_c20141006
_lUCH01
_h1305
590 _aE6096MTM
_b05
_c20141006
_lUCH01
_h1308
590 _aE6096MTM
_b05
_c20141006
_lUCH01
_h1308
590 _aE6096MTM
_b05
_c20141006
_lUCH01
_h1404
590 _aE6096MTM
_b05
_c20141006
_lUCH01
_h1404
650 1 4 _aChile pimiento.
_922473
650 1 4 _aCultivos alimenticios.
_9125381
700 1 _aMuñoz, Luis Carlos
_ecoord.
_9128382
710 2 _aFundación Hogares Juveniles Campesinos
_9128381
830 0 _aVideoteca del campo
_pGranja Integral Autosuficiente
_v87
_9128383
901 _aBK
942 _cCD
942 _n0
999 _c107261
_d107261